000 01453nam a22004217a 4500
003 CHAP
005 20251202083412.0
008 071024d2002 mx a r 00110 spa d
010 _a94079
011 _a95051
035 _a105655
040 _cCHAP
090 _aTesis
100 1 0 _aQuintero Lizaola, Roberto
_993423
245 1 0 _aFormación de humus y dinámica enzimática en el proceso de vermicompostaje
_c/por Roberto Quintero Lizaola
260 _aMontecillo, Méx. :
_bEl autor,
_c2002.
300 _a167 h. :
_bilus. ; gráfs. ; cuadros.
502 _aTesis (Dr. en Ciencias) - - Colegio de Postgraduados. Programa en Edafología.
590 _aALEPH
_b10
_c20130110
_lUCH01
_h1520
590 _aBATCH-UPD
_b10
_c20130110
_lUCH01
_h1057
590 _aBATCH-UPD
_b10
_c20130410
_lUCH01
_h0652
590 _aBATCH-UPD
_b10
_c20130913
_lUCH01
_h2233
590 _aCONVERSION
_b10
_c20130109
_lUCH01
_h1352
650 1 4 _aAbonos.
_9235
650 1 4 _aAgricultura orgánica.
_92005
650 1 4 _aCompost.
_926105
650 1 4 _aEnzimas.
_937195
650 1 4 _aHumus.
_956902
650 1 4 _aLombrices de tierra.
_967520
650 1 4 _aPaja de avena.
_984771
650 1 4 _aSustratos.
_9110789
650 1 4 _aVermicompost.
901 _aBK
905 _aElisama A. H.
942 _cFOLL
949 _aTesis
_bBC
_cTES
_d33724002035025
_eTS1
_gDonaciØn
_h47164
_i105655
_sb
949 _aTesis
_bBC
_cTES
_d33724002035066
_eTS2
_fc.2
_gDonaciØn
_h47165
_i105655
_sb
999 _c94079
_d94079